000 00589nam a2200205Ia 4500
003 OSt
005 20260409145110.0
008 210210b2008 xxu||||| |||| 00| 0 eng d
020 _a9788190661713
040 _cAL
041 _aHindi
082 _aH891.9 BANH
100 _aBANNE (Pandith)
_966784
_dबैन (पंडित)
245 _aHindi ka vaishvik paridrishya
_b हिंदी का वैश्विक परिदृश्य
260 _aKanpur
_bAman Prakashan
_c2008
300 _a86
690 _aHindi Criticism
_966785
906 _a063523
942 _2ddc
_cBK
999 _c136893
_d136893